LIBRARY & INFORMATION CENTRE, KCAET, TAVANUR

ONLINE PUBLIC ACCESS CATALOGUE (OPAC)

Kerala Charithram (Record no. 804)

MARC details
000 -LEADER
fixed length control field 00375cam a2200169ua 4500
041 ## - LANGUAGE CODE
Language code of text/sound track or separate title mal
082 ## - DEWEY DECIMAL CLASSIFICATION NUMBER
Classification number 954.83
Item number DAM/KE
100 ## - MAIN ENTRY--AUTHOR NAME
Personal name Damodaran, K.
245 ## - TITLE STATEMENT
Title Kerala Charithram
260 ## - PUBLICATION, DISTRIBUTION, ETC. (IMPRINT)
Place of publication Thrissur :
Name of publisher Current Books ,
Year of publication 1962.
300 ## - PHYSICAL DESCRIPTION
Number of Pages 320 ; .
942 ## - ADDED ENTRY ELEMENTS (KOHA)
Koha item type Books
Holdings
Withdrawn status Lost status Damaged status Home library Current library Date acquired Full call number Accession Number Koha item type
Withdrawn     KAUAET Malayalam University 07/04/2012 954.83 2619 Books
free website counter